| 000 | 00970nam a2200301 i 4500 | ||
|---|---|---|---|
| 003 | EG-ScBUE | ||
| 005 | 20250121101903.0 | ||
| 008 | 150817s2005 njua f b 001 0 eng d | ||
| 020 | _a013191183X | ||
| 020 | _a9780131911833 | ||
| 040 |
_aEG-ScBUE _beng _erda _cEG-ScBUE _dEG-ScBUE |
||
| 082 | 0 | 4 |
_a530 _bGIA _222 |
| 100 | 1 |
_aGiancoli, Douglas C., _eauthor. |
|
| 245 | 1 | 0 |
_aPhysics : _bprinciples with applications / _cDouglas C. Giancoli . |
| 250 | _aSixth edition. | ||
| 250 | _aInternational edition. | ||
| 264 | 1 |
_aUpper Saddle River : _bPearson/Prentice Hall, _c2005. |
|
| 300 |
_a1 volume (various pagings) : _bcolor illustrations ; _c29 cm |
||
| 336 |
_2rdacontent _atext _btxt |
||
| 337 |
_aunmediated _2rdamedia _bn |
||
| 338 |
_avolume _bnc _2rdacarrier |
||
| 504 | _aIncludes bibliographical references and index. | ||
| 590 | _ayassmeen ashraf | ||
| 650 | 7 |
_aPhysics. _2BUEsh |
|
| 653 |
_bENGGEN _cAugust2015 |
||
| 655 | _vReading book | ||
| 942 |
_2ddc _cBB |
||
| 999 |
_c53 _d53 |
||